| 000 | 00633nam a22002057a 4500 | ||
|---|---|---|---|
| 003 | 0 | ||
| 005 | 20250826153218.0 | ||
| 008 | 250826b xxu||||| |||| 00| 0 eng d | ||
| 020 | _a978-1-98469-456-0 | ||
| 050 |
_aN 70 _b.L66 2025 |
||
| 100 |
_aLong, Caleb, _eauthor. |
||
| 245 |
_aIntroduction to visual arts / _cCaleb Long. |
||
| 260 |
_aNew York, NY : _b3G E-Learning LLC, _c2025. |
||
| 300 |
_axviii, 283 pages : _bcolored illustrations ; _c26 cm. |
||
| 504 | _aIncludes bibliographical references and index. | ||
| 650 | _aVisual arts. | ||
| 650 |
_aArt _xStudy and teaching. |
||
| 650 | _aArt appreciation. | ||
| 942 |
_2lcc _cBK |
||
| 999 |
_c367620 _d367620 |
||